Requinquez-vous - Statistiques

Statistiques générales
  • Ce quiz a été pris 26 fois
    17 depuis la dernière actualisation
  • Le résultat moyen est 7 sur 13
Statistiques - réponses
Par images Réponse % Correct
Baleine
100%
Marteau
86%
Pèlerin
79%
Groenland
71%
Scie
71%
Grand requin blanc
64%
Leopard
57%
Mako
57%
Pointes noires
50%
Roussette
43%
Tapis
29%
Zebre
14%
Sagre elfe
0%
Aucun quiz correspondant
Distribution des résultats
% des personnes avec chaque résultat
Percentile par nombre de réponses
Votre historique - résultats
Vous n’avez pas pris ce quiz depuis la dernière actualisation